LIBRARY & INFORMATION CENTRE, KCAET, TAVANUR

ONLINE PUBLIC ACCESS CATALOGUE (OPAC)

Colon classification / (Record no. 118)

MARC details
000 -LEADER
fixed length control field 00451cam a2200181ua 4500
041 ## - LANGUAGE CODE
Language code of text/sound track or separate title eng
082 ## - DEWEY DECIMAL CLASSIFICATION NUMBER
Classification number 025.435
Item number RAN/CO
100 ## - MAIN ENTRY--AUTHOR NAME
Personal name Ranganathan , S R .
245 ## - TITLE STATEMENT
Title Colon classification /
250 ## - EDITION STATEMENT
Edition statement 6 /
260 ## - PUBLICATION, DISTRIBUTION, ETC. (IMPRINT)
Place of publication India :
Name of publisher Asia Publishing House ,
Year of publication 1963.
300 ## - PHYSICAL DESCRIPTION
Number of Pages 461 ; .
650 ## - SUBJECT ADDED ENTRY--TOPICAL TERM
Topical Term Classification
650 ## - SUBJECT ADDED ENTRY--TOPICAL TERM
Topical Term Library Science
942 ## - ADDED ENTRY ELEMENTS (KOHA)
Koha item type Books
Holdings
Withdrawn status Lost status Damaged status Home library Current library Date acquired Full call number Accession Number Koha item type
    Damaged KAUAET KAUAET 07/04/2012 025.435 3308 Books
free website counter